00441nam a22001457a 4500008004100000041000800041082001100049100001900060245001900079260000900098650001900107650001600126999001900142952013400161210707s2003 xx 000 0 und d aeng a052 SW aSharma, Poonam aSocial Welfare c2003 aSocial Welfare aSocial Work c179625d179625 001040708Social WorkaALbALd2010-11-22hVol no:49-50; Issue no:09-11l0o052 SWpBV0800r2021-07-07 00:00:00w2021-07-07yBV